MARC details
| 000 -CABECERA |
| campo de control de longitud fija |
01061cam a2200289 a 4500 |
| 001 - NÚMERO DE CONTROL |
| campo de control |
000010529 |
| 005 - FECHA Y HORA DE LA ÚLTIMA TRANSACCIÓN |
| campo de control |
20250429112051.0 |
| 008 - DATOS DE LONGITUD FIJA--INFORMACIÓN GENERAL |
| campo de control de longitud fija |
830909s1982 sp 001 0 spa d |
| 020 ## - NÚMERO INTERNACIONAL ESTÁNDAR DEL LIBRO |
| Número Internacional Estándar del Libro |
8424903366 |
| 020 ## - NÚMERO INTERNACIONAL ESTÁNDAR DEL LIBRO |
| ISBN cancelado o inválido |
8424903358 |
| 035 ## - NÚMERO DE CONTROL DEL SISTEMA |
| Número de control de sistema |
(DLC) 83117511 |
| 040 ## - FUENTE DE LA CATALOGACIÓN |
| Centro catalogador/agencia de origen |
DO-SdBNP |
| Lengua de catalogación |
spa |
| Centro/agencia transcriptor |
BNPHU |
| Centro/agencia modificador |
DLC |
| 082 ## - NÚMERO DE LA CLASIFICACIÓN DECIMAL DEWEY |
| Número de clasificación |
930 |
| Número de documento/Ítem |
O74h |
| 049 ## - FONDOS LOCALES (OCLC) |
| Fondos de biblioteca |
BNGR |
| 100 1# - ENTRADA PRINCIPAL--NOMBRE DE PERSONA |
| Nombre de persona |
Orosio. |
| Forma completa/desarrollada del nombre |
(Pablo Orosio), |
| Fechas asociadas al nombre |
ac. 375 - d. 418? |
| 9 (RLIN) |
25539 |
| 245 10 - MENCIÓN DE TÍTULO |
| Título |
Historias / |
| Mención de responsabilidad, etc. |
Orosio ; introducción, traducción y notas de Eustaquio Sánchez Salor. |
| 260 ## - PUBLICACIÓN, DISTRIBUCIÓN, ETC. |
| Lugar de publicación, distribución, etc. |
Madrid : |
| Nombre del editor, distribuidor, etc. |
Gredos, |
| Fecha de publicación, distribución, etc. |
c1982. |
| 300 ## - DESCRIPCIÓN FÍSICA |
| Extensión |
v p. ; |
| Dimensiones |
20 cm. |
| 490 0# - MENCIÓN DE SERIE |
| Mención de serie |
Biblioteca clásica Gredos |
| Designación de volumen o secuencia |
53-54 |
| 504 ## - NOTA DE BIBLIOGRAFÍA, ETC. |
| Nota de bibliografía, etc. |
Incluyre referencias bibliográficas, notas al pie de las páginas e índice. |
| 650 #0 - PUNTO DE ACCESO ADICIONAL DE MATERIA--TÉRMINO DE MATERIA |
| Término de materia o nombre geográfico como elemento de entrada |
Historia antigua |
| 9 (RLIN) |
18158 |
| 650 #4 - PUNTO DE ACCESO ADICIONAL DE MATERIA--TÉRMINO DE MATERIA |
| Término de materia o nombre geográfico como elemento de entrada |
Iglesia |
| Subdivisión general |
Historia |
| 9 (RLIN) |
25540 |
| 700 1# - PUNTO DE ACCESO ADICIONAL--NOMBRE DE PERSONA |
| Nombre de persona |
Sánchez Salor, Eustaquio, |
| Término indicativo de función/relación |
tr. |
| 9 (RLIN) |
25541 |
| 830 #0 - PUNTO DE ACCESO ADICIONAL DE SERIE-TÍTULO UNIFORME |
| Título uniforme |
Biblioteca clásica Gredos ; |
| Designación de volumen o secuencia |
53-54. |
| 9 (RLIN) |
8642 |
| 856 42 - LOCALIZACIÓN Y ACCESO ELECTRÓNICOS |
| Especificación de materiales |
Publisher description |
| Identificador Uniforme del Recurso |
<a href="http://www.loc.gov/catdir/enhancements/fy0909/83117511-d.html">http://www.loc.gov/catdir/enhancements/fy0909/83117511-d.html</a> |
| 910 ## - DATOS DE OPCIÓN DEL USUARIO (OCLC) |
| Datos de opción del usuario |
Catalogación por copia / LC |